| 000 | 00456nam a2200145Ia 4500 | ||
|---|---|---|---|
| 008 | 231129s1978||||xx |||||||||||||| ||spa|| | ||
| 020 | _a94-7232-149-5 | ||
| 040 | _bspa | ||
| 082 | _a975 P397c | ||
| 100 | _aPenuelas Marcelino C. | ||
| 245 | 0 | _aCultura Hispanica en Estados Unidos : Los Chicanos | |
| 260 | _c1978 | ||
| 264 | _aEdiciones Cultura Hispanica del Centro Iberoamericano de Cooperacion | ||
| 942 |
_2ddc _cBKS |
||
| 999 |
_c8595 _d8595 |
||